Obra en marcha / (Registro nro. 109955)

Detalles MARC
000 -LEADER
campo de control de longitud fija 00606nam a2200193 4500
001 - NÚMERO DE CONTROL
campo de control 109955
003 - IDENTIFICADOR DE NÚMERO DE CONTROL
campo de control ES-MaACL
005 - FECHA Y HORA DE LA ÚLTIMA TRANSACCIÓN
campo de control 20251003192941.0
007 - CAMPO FIJO DE DESCRIPCIÓN FÍSICA--INFORMACIÓN GENERAL
campo de control de longitud fija t|
008 - DATOS DE LONGITUD FIJA--INFORMACIÓN GENERAL
campo de control de longitud fija 061121s1975 sp r ||||1| spa d
245 00 - MENCIÓN DEL TÍTULO
Título Obra en marcha /
Mención de responsabilidad, etc. compilador J.G. Cobo Borda.
260 ## - PUBLICACIÓN, DISTRIBUCIÓN, ETC.
Lugar de publicación, distribución, etc. Bogotá :
Nombre del editor, distribuidor, etc. Instituto Colombiano de Cultura,
Fecha de publicación, distribución, etc. 1975.
300 ## - DESCRIPCIÓN FÍSICA
Extensión 319 p. ;
Dimensiones 17 cm.
505 8# - NOTA DE CONTENIDO CON FORMATO
Nota de contenido con formato Contiene: 1. La nueva literatura colombiana
700 1# - ENTRADA AGREGADA--NOMBRE PERSONAL
Nombre de persona Cobo Borda, Juan Gustavo,
Fechas asociadas al nombre 1948-
9 (RLIN) 39354
710 2# - ENTRADA AGREGADA--NOMBRE DE ENTIDAD CORPORATIVA
Nombre de entidad corporativa o nombre de jurisdicción como elemento de entrada Instituto Colombiano de Cultura.
9 (RLIN) 4814
852 ## - LOCALIZACIÓN
Ubicación ES-MaACL
Número de control de estantería A-6183
Sublocalización o colección R.95071
Existencias
Estatus retirado Estado de pérdida Estado de daño No para préstamo Biblioteca de origen Biblioteca actual Ubicación en estantería Fecha de adquisición Fuente de adquisición Total de préstamos Signatura topográfica completa Código de barras Visto por última vez Precio de reemplazo Tipo de ítem Koha
        Biblioteca del Ateneo de Madrid Biblioteca del Ateneo de Madrid Sala Pecera Planta 1 17/01/2008     A-6183 1114723 23/02/2023 23/02/2023 Libro impreso